000 00309nam a22001337a 4500
008 171017b xxu||||| |||| 00| 0 eng d
020 _a2900742554442
041 _aeng
080 _23 ED
_a331.262.101
100 _a52
101 _aBNJ
245 _aADS FADS CONSUMER CULTURE
_cASA.A
942 _2udc
_cBK
999 _c34311
_d34311